000 00623nam a22002057a 4500
003 OSt
005 20150710102041.0
008 150710b xxu||||| |||| 00| 0 eng d
020 _a9788184841688
040 _csce
082 _a621.38 BAL
100 _aBalasubramanian P.
245 _aRadio frequency identification technology in library and information profession /
_cP.Balasubramanian.
260 _aNew Delhi :
_bRegal Publications,
_c2014.
300 _a243 p. :
_bill. ;
_c23 cm.
504 _aIncludes bibliographical references and indexes.
562 _e1 copy
942 _2ddc
_cBK
999 _c15961
_d15961